000
00351 a2200169 4500
001
188142
020
_a
978-85-357-0660-4
040
_c
Magnum
100
_a
Kupstas, Marcia
240
1
0
_a
Três aventuras
_l
por
245
1
0
_a
Três aventuras
300
_a
128
362
0
_a
2009
440
1
_a
Atual
697
_a
LITERATURA JUVENIL
942
_c
BK
999
_c
188142
_d
188142